| 000 | 00634nam a22001817a 4500 | ||
|---|---|---|---|
| 003 | JO-AjAnu | ||
| 005 | 20251015112555.0 | ||
| 008 | 251015b jo ||||| |||| 00| 0 ara d | ||
| 040 |
_aANU _cJO-AjAnu |
||
| 041 | _hARA | ||
| 100 |
_aأبو نوار، معن _eمؤلف _943827 |
||
| 245 |
_aفي سبيل القدس _c / معن أبو نوار |
||
| 260 |
_aعمان : _bوزارة الثقافة، _c2021 |
||
| 300 | _a184 صفحة | ||
| 490 | _a مكتبة الأسرة الأردنية القراءة للجميع ؛ 15 رقم الإصدار 810 | ||
| 650 | _vالقدس-تاريخ-سياسة وحكومة | ||
| 942 |
_2lcc _cBK _n0 |
||
| 999 |
_c34097 _d34097 |
||